000 00383 a2200121 4500
001 ART_12453
005 20260410161906.0
008 260409a
245 1 0 _aFull-information estimates of a nonlinear macroeconometric model
100 1 _aFair, Ray C.
700 1 _aParke, William R.
773 0 _tJournal of econometrics
_g- Vol. 13, NÂș 3 (ago. 1980)
_wREV11720
999 _c26382
_d26382